<?xml version="1.0" encoding="UTF-8"?>
<marc:record xmlns:marc="http://www.loc.gov/MARC21/slim">
   <marc:leader>00000nam a2200000 a 4500</marc:leader>
   <marc:datafield ind1="1" ind2=" " tag="100">
      <marc:subfield code="a">Schacht, Michael</marc:subfield>
      <marc:subfield code="4">aut</marc:subfield>
      <marc:subfield code="e">Verfasser/-in</marc:subfield>
   </marc:datafield>
   <marc:datafield ind1=" " ind2=" " tag="653">
      <marc:subfield code="a">Tiere</marc:subfield>
   </marc:datafield>
   <marc:datafield ind1=" " ind2=" " tag="653">
      <marc:subfield code="a">Zoo</marc:subfield>
   </marc:datafield>
   <marc:datafield ind1=" " ind2=" " tag="653">
      <marc:subfield code="a">Tiergarten</marc:subfield>
   </marc:datafield>
   <marc:datafield ind1="0" ind2="0" tag="245">
      <marc:subfield code="a">Zooloretto Boss</marc:subfield>
   </marc:datafield>
   <marc:datafield ind1="0" ind2="0" tag="245">
      <marc:subfield code="b">Erweiterung</marc:subfield>
   </marc:datafield>
   <marc:datafield ind1=" " ind2="1" tag="264">
      <marc:subfield code="a">Dreieich</marc:subfield>
      <marc:subfield code="b">AS Abacuss Spiele</marc:subfield>
      <marc:subfield code="c">2010</marc:subfield>
   </marc:datafield>
   <marc:datafield ind1="1" ind2=" " tag="520">
      <marc:subfield code="a">Gute Mitarbeiter und Spendengelder machen dem Zoodirektor das Leben leichter. Setzt er sie geschickt ein, bekommt er zusätzliche Tiere und Verkaufsstände. So wird der Zoo noch attraktiver, und es bieten sich völlig neue Wege, um Extrapunkte und Zusatzeinnahmen zu erhalten. &lt;br/&gt;Nur wer ein gutes Gespür für das richtige Management hat, kann sich behaupten. Wer wird der neue BOSS?&lt;br/&gt;&lt;br/&gt;Diese Erweiterung ist kein vollständiges Spiel! Sie ist nur zusammen mit den Grundspiel "Zooloretto" spielbar.&lt;br/&gt;</marc:subfield>
   </marc:datafield>
   <marc:datafield ind1="2" ind2=" " tag="024">
      <marc:subfield code="a">4011898041026</marc:subfield>
   </marc:datafield>
   <marc:datafield ind1=" " ind2=" " tag="041">
      <marc:subfield code="a">ger</marc:subfield>
   </marc:datafield>
   <marc:datafield ind1=" " ind2=" " tag="500">
      <marc:subfield code="a">ca 45 Minuten</marc:subfield>
   </marc:datafield>
   <marc:datafield ind1="1" ind2=" " tag="521">
      <marc:subfield code="a">ab 10 Jahre</marc:subfield>
   </marc:datafield>
   <marc:datafield ind1="1" ind2=" " tag="521">
      <marc:subfield code="a">0</marc:subfield>
   </marc:datafield>
   <marc:datafield ind1=" " ind2=" " tag="300">
      <marc:subfield code="a">5 Ausbautafeln, 1 Angebotstafel, 20 Angebotsplättchen, 5 Bürotafeln, 12 Mitarbeiter, 30 Plättchen "Spenden", 20 Punkteplättchen, 1 Spielanleitung</marc:subfield>
   </marc:datafield>
</marc:record>
